Algebra

Збережено в:
Бібліографічні деталі
Автор: Artin, Michael (Автор)
Формат: Книга
Мова:Англійська
Опубліковано: Nueva Delhi PHI Learning 2011
Редагування:2a. ed
Предмети:
Теги: Додати тег
Немає тегів, Будьте першим, хто поставить тег для цього запису!

MARC

LEADER 00000cam a2200000 a 4500
001 UCF9256
003 CL-VaPUC
008 131111e20110000ii |||||||||||||||||eng|d
020 |a 9788120343290 
082 0 4 |a 512  |b ART  |2 21 
100 0 |a Artin, Michael  |e author  |9 571523 
245 1 0 |a Algebra 
250 |a 2a. ed 
300 |a 543 p 
942 |c BK 
945 |d 20131111 15:03:00  |a cmena 
260 |a Nueva Delhi  |b PHI Learning  |c 2011 
650 0 |a Álgebra  |9 259567 
650 0 |a Álgebra de Matrices  |9 422140 
650 0 |a Teoría de grupos   |9 270028 
650 0 |a Funciones algebraicas  |9 271204 
583 |a last modification  |c 20131111 15:03:00  |k Rodrigo Vera 
999 |c 353729  |d 353727